Gulf shipper magazine.

Bibliographic Details
Format: Journal
Language:English
Published: Miami, FL : Journal of Commerce, Incorporated.
East Windsor, NJ : Commonwealth Business Media, Inc.
Newark, NJ : United Business Media Global Trade,
Subjects:
Online Availability: Check for online availability

MARC

Tag First Indicator Second Indicator Subfields
LEADER 00000cas a22000007i 4500
001 in00004819821
008 951201d199u2009njuwr p 0 a0eng c
005 20260112171154.7
010 |a sn 95002371  
035 |a (OCoLC)ocm33835254 
040 |a NSD  |b eng  |e rda  |c NSD  |d CUS  |d OCLCQ  |d OCLCF  |d OCLCO  |d U3W  |d OCLCQ 
012 |m 0 
019 |a 926249655  |a 990606709  |a 994604324 
022 0 |a 1086-1807  |l 1086-1807  |2 1 
029 1 |a NZ1  |b 11697775 
035 |a (OCoLC)33835254  |z (OCoLC)926249655  |z (OCoLC)990606709  |z (OCoLC)994604324 
037 |b Journal of Commerce, 1401 Biscayne Blvd., Miami, FL 33132-1453 
042 |a nsdp  |a pcc 
050 1 4 |a HE561  |b .G84 
049 |a MAIN 
210 0 |a Gulf shipp. mag. 
222 0 |a Gulf shipper magazine 
245 0 0 |a Gulf shipper magazine. 
246 1 7 |a Gulf shipper 
264 1 |a Miami, FL :  |b Journal of Commerce, Incorporated. 
264 2 1 |3 <June 23, 2003>- :  |a East Windsor, NJ :  |b Commonwealth Business Media, Inc. 
264 3 1 |3 -February 23, 2009 :  |a Newark, NJ :  |b United Business Media Global Trade, 
300 |a volume :  |b illustrations ;  |c 28 cm 
310 |a Weekly 
336 |a text  |b txt  |2 rdacontent 
337 |a unmediated  |b n  |2 rdamedia 
338 |a volume  |b nc  |2 rdacarrier 
362 1 |a Ceased in print with: Volume 20, issue no. 9 (February 23, 2009). 
525 |a Some issues contain a separately paged supplement called: Breakbulk. 
525 |a Issue for September 5, 2005 includes: PocketPal 2005, air & ocean guide. 
580 |a Published in affiliation with: The Florida shipper magazine. 
580 |a Editorial content continued in Journal of Commerce. 
588 |a Description based on: Vol. 06, numbers 36 (Sept. 4, 1995); title from cover. 
588 |a Latest issue consulted: Volume 20, issue no. 9 (February 23, 2009). 
590 |b TAG Physical Holdings 2 
650 0 |a Shipping  |v Periodicals. 
650 7 |a Shipping.  |2 fast  |0 (OCoLC)fst01116352 
655 0 |a Electronic journals. 
655 7 |a Periodicals.  |2 fast  |0 (OCoLC)fst01411641 
730 0 |a Florida shipper magazine. 
730 0 |a Breakbulk. 
770 0 |t Directory of transportation  |w (DLC) 2008202200  |w (OCoLC)228657425 
776 0 8 |i Online version:  |t Gulf shipper magazine (Online)  |w (OCoLC)60618481 
994 |a 92  |b TAG 
852 |a TAG  |b TAGC  |c galv,per  |h PERIODICAL  |x weekly-Ebsco subscription,  |z merged into online Journal of Commerce in 2009. 
876 |8 1.1  |p T8921526434785  |v unmediated -- volume 
999 f f |s 6c83c3d5-ca35-46cb-b90a-a93c8462a69e  |i 3bd95fc9-287d-4084-9f8b-0ceb2711dad8  |t 0 
952 f f |a Texas A&M University  |b Rellis Campus  |c Joint Library Facility  |d Remote Storage  |e HE561 .G84  |h Library of Congress classification  |i unmediated -- volume  |k v.16:no.27-35  |l 2005:July 4-Aug. 29  |m A14852785600  |p ric  |s JLF  |t 0 
952 f f |a Texas A&M University  |b Rellis Campus  |c Joint Library Facility  |d Remote Storage  |e HE561 .G84  |h Library of Congress classification  |i unmediated -- volume  |k v.15:no.1-10  |l 2004:Jan. 5-Mar.8  |m A14852785436  |p ric  |s JLF  |t 0 
952 f f |a Texas A&M University  |b Rellis Campus  |c Joint Library Facility  |d Remote Storage  |e HE561 .G84  |h Library of Congress classification  |i unmediated -- volume  |k v.17:no.33-42  |l 2006:Aug. 14-Oct. 16  |m A14852785782  |p ric  |s JLF  |t 0 
952 f f |a Texas A&M University  |b Rellis Campus  |c Joint Library Facility  |d Remote Storage  |e HE561 .G84  |h Library of Congress classification  |i unmediated -- volume  |k v.18:no.42-47  |l 2007:Oct. 15-Nov. 12  |m A14852785725  |p ric  |s JLF  |t 0 
952 f f |p normal  |a Texas A&M University  |b Rellis Campus  |c Joint Library Facility  |s JLF  |d Remote Storage  |t 0  |e HE561 .G84  |h Library of Congress classification  |i unspecified -- unspecified  |k 2008  |m T1682265522965 
952 f f |a Texas A&M University  |b Rellis Campus  |c Joint Library Facility  |d Remote Storage  |e HE561 .G84  |h Library of Congress classification  |i unmediated -- volume  |k v.18:no.32-41  |l 2007:Aug. 6-Oct. 8  |m A14852785733  |p ric  |s JLF  |t 0 
952 f f |p normal  |a Texas A&M University  |b Rellis Campus  |c Joint Library Facility  |s JLF  |d Remote Storage  |t 0  |e HE561 .G84  |h Library of Congress classification  |i unspecified -- unspecified  |k 2005  |m T3028568617184 
952 f f |a Texas A&M University  |b Rellis Campus  |c Joint Library Facility  |d Remote Storage  |e HE561 .G84  |h Library of Congress classification  |i unmediated -- volume  |k v.16:no.9-16  |l 2005:Feb.28-Apr.18  |m A14852785626  |p ric  |s JLF  |t 0 
952 f f |a Texas A&M University  |b Rellis Campus  |c Joint Library Facility  |d Remote Storage  |e HE561 .G84  |h Library of Congress classification  |i unmediated -- volume  |k v.15:no.41-48  |l 2004:Oct. 11-Nov. 29  |m A14852785535  |p ric  |s JLF  |t 0 
952 f f |p normal  |a Texas A&M University  |b Rellis Campus  |c Joint Library Facility  |s JLF  |d Remote Storage  |t 0  |e HE561 .G84  |h Library of Congress classification  |i unspecified -- unspecified  |k 2007  |m T9712707744505 
952 f f |a Texas A&M University  |b Rellis Campus  |c Joint Library Facility  |d Remote Storage  |e HE561 .G84  |h Library of Congress classification  |i unmediated -- volume  |k v.20:no.1-8  |l 2009:Jan. 5-Feb. 23  |m A14852785493  |p ric  |s JLF  |t 0 
952 f f |a Texas A&M University  |b Rellis Campus  |c Joint Library Facility  |d Remote Storage  |e HE561 .G84  |h Library of Congress classification  |i unmediated -- volume  |k v.19:no.41-46  |l 2008:Oct. 13-Nov.17  |m A14852785477  |p ric  |s JLF  |t 0 
952 f f |a Texas A&M University  |b Rellis Campus  |c Joint Library Facility  |d Remote Storage  |e HE561 .G84  |h Library of Congress classification  |i unmediated -- volume  |k v.16:no.36-44  |l 2005:Sept. 5-Oct. 31  |m A14852785592  |p ric  |s JLF  |t 0 
952 f f |a Texas A&M University  |b Rellis Campus  |c Joint Library Facility  |d Remote Storage  |e HE561 .G84  |h Library of Congress classification  |i unmediated -- volume  |k v.14:no.25-34  |l 2003:June 25-Aug. 25  |m A14852785527  |p ric  |s JLF  |t 0 
952 f f |a Texas A&M University  |b Rellis Campus  |c Joint Library Facility  |d Remote Storage  |e HE561 .G84  |h Library of Congress classification  |i unmediated -- volume  |k v.14:no.35-44  |l 2003:Sept. 1-Nov. 3  |m A14852785519  |p ric  |s JLF  |t 0 
952 f f |a Texas A&M University  |b Rellis Campus  |c Joint Library Facility  |d Remote Storage  |e HE561 .G84  |h Library of Congress classification  |i unmediated -- volume  |k v.15:no.49-52  |l 2004:Dec. 6-Dec. 27  |m A14852785543  |p ric  |s JLF  |t 0 
952 f f |a Texas A&M University  |b Rellis Campus  |c Joint Library Facility  |d Remote Storage  |e HE561 .G84  |h Library of Congress classification  |i unmediated -- volume  |k v.16:no.1-8  |l 2005:Jan. 3-Feb. 21  |m A14852785634  |p ric  |s JLF  |t 0 
952 f f |a Texas A&M University  |b Rellis Campus  |c Joint Library Facility  |d Remote Storage  |e HE561 .G84  |h Library of Congress classification  |i unmediated -- volume  |k v.15:no.21-30  |l 2004:May 24-July 26  |m A14852785568  |p ric  |s JLF  |t 0 
952 f f |p ric  |a Texas A&M University  |b College Station  |c Sterling C. Evans Library  |s Evans pres  |d Evans: Preservation Office (see AskUs desk for assistance)  |t 0  |e HE561 .G84  |h Library of Congress classification  |i unmediated -- volume  |k 2003-2009 
952 f f |a Texas A&M University  |b Rellis Campus  |c Joint Library Facility  |d Remote Storage  |e HE561 .G84  |h Library of Congress classification  |i unmediated -- volume  |k v.19:no.31-40  |l 2008:Aug. 4-Oct.6  |m A14852785469  |p ric  |s JLF  |t 0 
952 f f |a Texas A&M University  |b Rellis Campus  |c Joint Library Facility  |d Remote Storage  |e HE561 .G84  |h Library of Congress classification  |i unmediated -- volume  |k v.18:no.22-31  |l 2007:May 28-July 30  |m A14852785741  |p ric  |s JLF  |t 0 
952 f f |a Texas A&M University  |b Rellis Campus  |c Joint Library Facility  |d Remote Storage  |e HE561 .G84  |h Library of Congress classification  |i unmediated -- volume  |k v.19:no.21-30  |l 2008:May 26-July 28  |m A14852785451  |p ric  |s JLF  |t 0 
952 f f |a Texas A&M University  |b Rellis Campus  |c Joint Library Facility  |d Remote Storage  |e HE561 .G84  |h Library of Congress classification  |i unmediated -- volume  |k v.17:no.13-22  |l 2006:March 27-May 29  |m A14852785808  |p ric  |s JLF  |t 0 
952 f f |a Texas A&M University  |b Rellis Campus  |c Joint Library Facility  |d Remote Storage  |e HE561 .G84  |h Library of Congress classification  |i unmediated -- volume  |k v.16:no.45-52  |l 2005:Nov. 7-Dec. 26  |m A14852785584  |p ric  |s JLF  |t 0 
952 f f |p normal  |a Texas A&M University  |b Rellis Campus  |c Joint Library Facility  |s JLF  |d Remote Storage  |t 0  |e HE561 .G84  |h Library of Congress classification  |i unspecified -- unspecified  |k 2003  |m T8921526434785 
952 f f |a Texas A&M University  |b Rellis Campus  |c Joint Library Facility  |d Remote Storage  |e HE561 .G84  |h Library of Congress classification  |i unmediated -- volume  |k v.16:no.18-26  |l 2005:May 2-June 27  |m A14852785618  |p ric  |s JLF  |t 0 
952 f f |a Texas A&M University  |b Rellis Campus  |c Joint Library Facility  |d Remote Storage  |e HE561 .G84  |h Library of Congress classification  |i unmediated -- volume  |k v.18:no.13-21  |l 2007:Mar. 26-May 21  |m A14852785758  |p ric  |s JLF  |t 0 
952 f f |a Texas A&M University  |b Rellis Campus  |c Joint Library Facility  |d Remote Storage  |e HE561 .G84  |h Library of Congress classification  |i unmediated -- volume  |k v.14:no.45-52  |l 2003:Nov. 10-Dec. 29  |m A14852785501  |p ric  |s JLF  |t 0 
952 f f |p normal  |a Texas A&M University  |b Rellis Campus  |c Joint Library Facility  |s JLF  |d Remote Storage  |t 0  |e HE561 .G84  |h Library of Congress classification  |i unspecified -- unspecified  |k 2004  |m T2528262737791 
952 f f |a Texas A&M University  |b Rellis Campus  |c Joint Library Facility  |d Remote Storage  |e HE561 .G84  |h Library of Congress classification  |i unmediated -- volume  |k v.18:no.1-11  |l 2007:Jan. 1-Mar. 12  |m A14852785766  |p ric  |s JLF  |t 0 
952 f f |p normal  |a Texas A&M University  |b Rellis Campus  |c Joint Library Facility  |s JLF  |d Remote Storage  |t 0  |e HE561 .G84  |h Library of Congress classification  |i unspecified -- unspecified  |k 2006  |m T3684080372176 
952 f f |a Texas A&M University  |b Rellis Campus  |c Joint Library Facility  |d Remote Storage  |e HE561 .G84  |h Library of Congress classification  |i unmediated -- volume  |k v.18:no.48-53  |l 2007:Nov. 26-Dec. 31  |m A14852785717  |p ric  |s JLF  |t 0 
952 f f |a Texas A&M University  |b Rellis Campus  |c Joint Library Facility  |d Remote Storage  |e HE561 .G84  |h Library of Congress classification  |i unmediated -- volume  |k v.17:no.43-52  |l 2006:Oct. 23-Dec. 25  |m A14852785774  |p ric  |s JLF  |t 0 
952 f f |a Texas A&M University  |b Rellis Campus  |c Joint Library Facility  |d Remote Storage  |e HE561 .G84  |h Library of Congress classification  |i unmediated -- volume  |k v.15:no.31-40  |l 2004:Aug. 2-Oct. 4  |m A14852785550  |p ric  |s JLF  |t 0 
952 f f |a Texas A&M University  |b Rellis Campus  |c Joint Library Facility  |d Remote Storage  |e HE561 .G84  |h Library of Congress classification  |i unmediated -- volume  |k v.19:no.1-10  |l 2008:Jan. 7-Mar. 10  |m A14852785709  |p ric  |s JLF  |t 0 
952 f f |a Texas A&M University  |b Rellis Campus  |c Joint Library Facility  |d Remote Storage  |e HE561 .G84  |h Library of Congress classification  |i unmediated -- volume  |k v.19:no.11-20  |l 2008:Mar. 17-May 19  |m A14852785691  |p ric  |s JLF  |t 0 
952 f f |a Texas A&M University  |b Rellis Campus  |c Joint Library Facility  |d Remote Storage  |e HE561 .G84  |h Library of Congress classification  |i unmediated -- volume  |k v.19:no.47-52  |l 2008:Nov. 24-Dec. 29  |m A14852785485  |p ric  |s JLF  |t 0 
952 f f |a Texas A&M University  |b Rellis Campus  |c Joint Library Facility  |d Remote Storage  |e HE561 .G84  |h Library of Congress classification  |i unmediated -- volume  |k v.17:no.2-12  |l 2006:Jan. 9-Mar. 20  |m A14852785576  |p ric  |s JLF  |t 0 
952 f f |a Texas A&M University  |b Rellis Campus  |c Joint Library Facility  |d Remote Storage  |e HE561 .G84  |h Library of Congress classification  |i unmediated -- volume  |k v.17:no.23-32  |l 2006:June 5-Aug. 7  |m A14852785790  |p ric  |s JLF  |t 0 
952 f f |a Texas A&M University  |b Rellis Campus  |c Joint Library Facility  |d Remote Storage  |e HE561 .G84  |h Library of Congress classification  |i unmediated -- volume  |k v.15:no.11-20  |l 2004:Mar. 15-May 17  |m A14852785444  |p ric  |s JLF  |t 0 
952 f f |p normal  |a Texas A&M University  |b Rellis Campus  |c Joint Library Facility  |s JLF  |d Remote Storage  |t 0  |e HE561 .G84  |h Library of Congress classification  |i unspecified -- unspecified  |k 2009  |m T0601844400764 
998 f f |a HE561 .G84  |s v.19:no.1-v.20:no.8 (2008:Jan.7-2009:Feb.23)  |t 0  |l Remote Storage